Hamlets of Palau with a Map - Statistics

General Stats
  • This quiz has been taken 13 times
  • The average score is 14 of 77
Answers on the Map
Answers color-coded by a green-red scale on the quiz's map according to % correct below.
 
Answer Stats
Hint Answer Population 2020 % Correct
Hatohobei Hatohobei 39 HT_hatohobei_
63%
Sonsorol Sonsorol 58 KR_rockislands
63%
Melekeok Melekeok 19 NL_mengellang
50%
Ngaremlengui Imeong 6 PE_teliu
38%
Ngarchelong Ngriil 54 NC_ngeriungs
38%
Kayangel Dilong 21 KL_dilong_
25%
Kayangel Dimes 41 KL_dimes_
25%
Melekeok Ngerang 54 NL_ngerbau
25%
Koror Dngeronger 482 MK_ngeburch
25%
Koror Idid 530 MK_ngeruliang
25%
Koror Ikelau 510 MK_ngermelech
25%
Koror Iyebukel 631 MK_ukaeb
25%
Ngarchelong Iyebukel 50 NM_ngereklengon
25%
Koror Meyuns 986 MK_melekeok
25%
Aimeliik Ngchemiangel 105 AK_ngerkeai
25%
Ngchesar Ngeriungs 21 NW_ngersngai
25%
Angaur Ngermasech 89 AN_ngermasech
25%
Ngchesar Ngersuul 77 PE_ngerchol
25%
Peleliu Ngesias 0 KR_ngermid
25%
Airai Ngetkib 381 AR_ngetkib
25%
Koror Rock Islands 0 NL_iyebukel
25%
Angaur Rois 24 AN_ngerbelau
25%
Melekeok Ukaeb 36 NL_badrulchau
25%
Ngarchelong Badrulchau 0 NM_ngermetengel
13%
Ngaraard Chelab 71 NU_ngerutoi
13%
Ngaraard Choll 71 NU_ngetbong
13%
Aimeliik Elechui 42 AK_ngchemiangel
13%
Ngatpang Ibobang 119 NW_ngellau
13%
Aimeliik Imul 139 AK_medorm
13%
Koror Madalaii 2320 MK_ngerang
13%
Aimeliik Medorm 33 AK_elechui
13%
Koror Meketii 633 MK_ngerubesang
13%
Ngarchelong Mengellang 81 NM_ngerutchei
13%
Ngatpang Ngatpang 172 NW_ngercheluuk
13%
Ngaremlengui Ngchemesed 0 SO_sonsorol_
13%
Ngchesar Ngchesar 55 NW_ngermechau
13%
Ngarchelong Ngebei 9 NP_ngatpang
13%
Ngaraard Ngebuked 116 NU_urdmau
13%
Melekeok Ngeburch 12 NL_ngebei
13%
Ngarchelong Ngeiungel 14 NP_ibobang
13%
Ngiwal Ngellau 28 KR_meketii
13%
Ngarchelong Ngerbau 20 NC_ngchesar
13%
Koror Ngerbeched 1410 NA_chelab
13%
Angaur Ngerbeianged 0 AN_rois
13%
Angaur Ngerbelau 0 AN_ngebeianged
13%
Ngiwal Ngercheluuk 103 KR_medalaii
13%
Koror Ngerchemai 1361 NA_choll
13%
Airai Ngerchesechang 2 AR_ordome
13%
Peleliu Ngerchol 454 KR_ngerchemai
13%
Peleliu Ngerdelolk 0 KR_meyuns
13%
Ngaremlengui Ngereklengong 7 KR_ngerkesowaol
13%
Aimeliik Ngerkeai 43 AK_imul
13%
Koror Ngerkebesang 684 NA_ngebuked
13%
Peleliu Ngerkeiukl 2 KR_dngronger
13%
Ngchesar Ngerkesou 46 PE_ngerdelolk
13%
Koror Ngerkesowaol 632 NA_ngkeklau
13%
Ngiwal Ngermechau 98 KR_idid
13%
Melekeok Ngermelech 75 NL_ngriil
13%
Ngaremlengui Ngermetengel 239 KR_ngerbeched
13%
Koror Ngermid 1066 NA_ulimang
13%
Ngchesar Ngerngesang 95 PE_ngesias
13%
Ngiwal Ngersngai 83 KR_ikelau
13%
Melekeok Ngerubesang 63 NL_ollei
13%
Ngchesar Ngeruikl 26 PE_ngerkeiukl
13%
Melekeok Ngeruliang 61 NL_ngeiungel
13%
Airai Ngeruluobel 247 AR_ngerusar
13%
Airai Ngerusar 637 AR_ngeruluobel
13%
Ngaremlengui Ngerutchei 94 KR_iyebukel
13%
Ngardmau Ngerutoi 103 NC_ngerkesou
13%
Ngardmau Ngetbong 91 NC_ngersuul
13%
Ngaraard Ngkeklau 83 NM_imeong
13%
Airai Oikull 5 AR_oikull
13%
Ngarchelong Ollei 153 NC_ngerngesang
13%
Airai Ordomel 1383 AR_ngerchesechang
13%
Peleliu Teliu 11 KR_ngerkebesang
13%
Ngaraard Ulimang 62 NM_ngchemesed
13%
Ngardmau Urdmau 44 NC_ngeruikl
13%
No matching quizzes found
Score Distribution
Percent of People with Each Score
Percentile by Number Answered
Your Score History
You have not taken this quiz